000 00598nam a2200205 i 4500
001 26662
003 ES-MaACL
005 20250702063038.0
007 t|
008 030110s1972 ag ||||1| spa d
100 1 _aAsturias, Miguel Ángel,
_d1899-1974
_923701
245 1 4 _aLos ojos de los enterrados /
_cMiguel Angel Asturias.
250 _a5ª ed.
260 _aBuenos Aires :
_bLosada,
_c[1972]
300 _a1 v.
490 1 _aNovelistas de nuestra época
830 0 _aNovelistas de nuestra época
_9181054
852 _aES-MaACL
_jL-7867
_bR.107628
999 _c26662
_d26662